000 00449nam a22001817a 4500
003 MPLRDC
005 20220105061143.0
008 210129b ||||| |||| 00| 0 eng d
020 _a978-988-15717-3-1
082 _a855 DSM
100 _a邓淑明
245 _a绿树滴趣
_c
260 _a香港
_bWARRIOR BOOKS
_c2012
300 _b
520 _a新书上架 2018-07-16。
650 _a散文:随笔、日记
942 _cBK
_o855 DSM
999 _c69616
_d69606